Методы и алгоритмы автоматизированного проектирования сложных систем управления

Библиографические подробности
Автор-организация: Академия наук Украинской ССР Институт кибернетики (АН УССР ИК)
Другие авторы: Кириченко Н. Ф. Николай Федорович (редактор)
Язык:русский
Опубликовано: Киев, Наукова думка, 1984
Предметы:
Формат: Книга
Запись в KOHA:https://koha.lib.tpu.ru/cgi-bin/koha/opac-detail.pl?biblionumber=77478

MARC

LEADER 00000nam0a2200000 4500
001 77478
005 20231031093009.0
035 |a (RuTPU)RU\TPU\book\83079 
090 |a 77478 
100 |a 20050523d1984 k y0rusy50 ca 
101 0 |a rus 
102 |a UA 
105 |a y z 001zy 
200 1 |a Методы и алгоритмы автоматизированного проектирования сложных систем управления  |f Академия наук Украинской ССР; Институт кибернетики; Под ред. Н. Ф. Кириченко 
210 |a Киев  |c Наукова думка  |d 1984 
215 |a 214 с.  |c ил. 
320 |a Библиогр.: с. 209-212. 
610 1 |a автоматические системы управления 
610 1 |a проектирование 
610 1 |a математические методы 
610 1 |a алгоритмы 
610 1 |a функции 
675 |a 681.51.001.6  |v 3 
702 1 |a Кириченко  |b Н. Ф.  |g Николай Федорович  |4 340 
712 0 2 |a Академия наук Украинской ССР  |b Институт кибернетики (АН УССР ИК)  |2 stltpush  |3 (RuTPU)RU\TPU\col\11437 
801 1 |a RU  |b 63413507  |c 20050523  |g PSBO 
801 2 |a RU  |b 63413507  |c 20160902  |g PSBO 
942 |c BK